Greenwood encyclopedia of international relations (Record no. 9886)
[ view plain ]
| 000 -LEADER | |
|---|---|
| fixed length control field | 00488nam a2200145Ia 4500 |
| 020 ## - INTERNATIONAL STANDARD BOOK NUMBER | |
| ISBN | 0313307431 |
| 082 ## - DEWEY DECIMAL CLASSIFICATION NUMBER | |
| Classification number | RR 327.03 NOL-G |
| 100 ## - MAIN ENTRY--AUTHOR NAME | |
| Personal name | Nolan, Cathal J. |
| 245 #0 - TITLE STATEMENT | |
| Title | Greenwood encyclopedia of international relations |
| 250 ## - EDITION STATEMENT | |
| Edition statement | 2002 |
| 260 ## - PUBLICATION, DISTRIBUTION, ETC. (IMPRINT) | |
| Place of publication | Westport, CT |
| Name of publisher | Greenwood publishing |
| Year of publication | 2002 |
| 500 ## - GENERAL NOTE | |
| General note | Contents : Vol.1.(A-E, 529p.), Vol.2 (F-L,530-986p.), Vol.3 (M-R, 987-1456p.), Vol.4 (S-Z, 1457-2128p.) |
| 650 ## - SUBJECT ADDED ENTRY--TOPICAL TERM | |
| Topical Term | International relations |
| Form subdivision | Encyclopedias |
| 942 ## - ADDED ENTRY ELEMENTS (KOHA) | |
| Koha item type | Books |
| Source of classification or shelving scheme | Dewey Decimal Classification |
| Withdrawn status | Lost status | Damaged status | Not for loan | Collection code | Home library | Current library | Date acquired | Serial Enumeration / chronology | Bill Date | Full call number | Accession Number | Price effective from | Koha item type |
|---|---|---|---|---|---|---|---|---|---|---|---|---|---|
| Docas Books | NASSDOC Library | NASSDOC Library | 30/12/2016 | V.1 | 2004-10-22 | RR 327.03 NOL-G | D001783 | 18/04/2019 | Books | ||||
| Docas Books | NASSDOC Library | NASSDOC Library | 30/12/2016 | V.2 | 2004-10-22 | RR 327.03 NOL-G | D001784 | 18/04/2019 | Books | ||||
| Docas Books | NASSDOC Library | NASSDOC Library | 30/12/2016 | V.3 | 2004-10-22 | RR 327.03 NOL-G | D001785 | 18/04/2019 | Books | ||||
| Docas Books | NASSDOC Library | NASSDOC Library | 30/12/2016 | V.4 | 2004-10-22 | RR 327.03 NOL-G | D001786 | 18/04/2019 | Books |
